| 000 | 00328nam a2200133Ia 4500 | ||
|---|---|---|---|
| 008 | 230917s9999||||xx |||||||||||||| ||und|| | ||
| 040 |
_e90833 _aMAIN |
||
| 041 | _aEnglish | ||
| 082 | _a910.1324 S77M | ||
| 100 | _aSurender Singh | ||
| 245 | 0 | _aMalapponment in Haryana assembly election 1967-87 | |
| 300 | _a43 p. | ||
| 942 | _cTH | ||
| 999 |
_c72695 _d72695 |
||